000
00252nam a2200097 a 4500
005
20140414131958.0
008
110209s19uu xx 00 eng d
050
_a
TR 372.623
_b
H19 1996
245
_a
Joined-up handwriting skills age 5-7.
999
_c
112990
_d
112990